| 000 | 02314nam a2200397 i 4500 | ||
|---|---|---|---|
| 001 | 17078709 | ||
| 003 | EG-ScBUE | ||
| 005 | 20240527084000.0 | ||
| 008 | 110905s2011 enk f b 001 0 eng d | ||
| 020 | _a9781849041591 | ||
| 035 | _a(Uk-RwCLS)uk17454207 | ||
| 040 |
_aDLC _beng _erda _cDLC _dEG-ScBUE |
||
| 082 | 0 | 4 |
_222 _a956.054 _bFIL |
| 100 | 1 |
_aFiliu, Jean-Pierre, _eauthor. _928749 |
|
| 245 | 1 | 4 |
_aThe Arab revolution : _bten lessons from the democratic uprising / _cJean-Pierre Filiu. |
| 264 | 1 |
_aLondon : _bC Hurst & Co Publishers Ltd, _c2011. |
|
| 300 |
_axii, 195 pages ; _c22 cm. |
||
| 336 |
_2rdacontent _atext _btxt |
||
| 337 |
_aunmediated _2rdamedia _bn |
||
| 338 |
_avolume _bnc _2rdacarrier |
||
| 490 | 0 | _aComparative politics and international studies series | |
| 504 | _aIncludes bibliographical references and index. | ||
| 505 | _aArabs are no exception -- Muslims are not only Muslims -- Anger is power for the younger -- Social networks work -- Leaderless movements can win -- The alternative to democracy is chaos -- Islamists must choose -- Jihadis could become obsolete -- Palestine is still the mantra --No domino effect in the renaissance -- Appendices: Lyrics of "Mister president" by el-General (Sfax, December 2010) -- Manifesto of the Gaza youth (14 december 2010) -- Message of the April 6th Movement -- (Cairo, 15 January 2011) -- Comments by Sheikh Salman al-Awda -- (Riyadh, 7 February 2011) -- Communiqué of the Revolutionary Youth -- (Cairo, 12 February 2011) -- Charter of the National Transitional Council -- (Benghazi, 2 March 2011) --Statement of the Syrian local coordination committees -- | ||
| 650 | 7 |
_928747 _aProtest movements _xHistory _y21st century _zMiddle East. _2BUEsh |
|
| 650 | 7 |
_928748 _aProtest movements _xHistory _y21st century _zArab countries. _2BUEsh |
|
| 650 | 7 |
_911825 _aDemocracy _zMiddle East. _2BUEsh |
|
| 650 | 7 |
_911823 _aDemocratization _zMiddle East. _2BUEsh |
|
| 650 | 7 |
_911823 _aDemocratization _zMiddle East. _2BUEsh |
|
| 650 | 7 |
_911822 _aDemocratization _zArab countries. _2BUEsh |
|
| 651 | 7 |
_928746 _aArab countries _xPolitics and government _y21st century. _2BUEsh |
|
| 651 | 7 |
_922790 _aMiddle East _xPolitics and government _y21st century. _2BUEsh |
|
| 653 | _cFebruary2012 | ||
| 655 | _vReading book | ||
| 942 |
_2ddc _cBB |
||
| 999 |
_c16426 _d16426 |
||